| 000 | 00818nam a2200253Ia 4500 | ||
|---|---|---|---|
| 003 | OSt | ||
| 005 | 20220928131801.0 | ||
| 006 | a|||||r|||| 00| 0 | ||
| 007 | ta | ||
| 008 | 220927b |||||||| |||| 00| 0 eng d | ||
| 024 | _a35241 | ||
| 037 | _cTextual | ||
| 040 |
_aSDCL _cSDCL _beng |
||
| 041 |
_2eng _aeng |
||
| 082 | _aX9(J).2'N4, N1 | ||
| 100 | _aBhattacharya Sabyasachi Ed. | ||
| 245 | 0 |
_aSouth Indian economy _b Agrarian change, industrial structure and state policy 1914-1947 |
|
| 260 |
_aOxford _bOxford University Press _c1991 |
||
| 300 |
_axxvii,292p _ccm. |
||
| 700 |
_a Guha Sumit Ed. _9410924 |
||
| 700 |
_a Mahadevan Raman Ed. _9466198 |
||
| 942 |
_hX9(J).2'N4, N1 _cTEXL _2CC |
||
| 999 |
_c792295 _d792295 |
||